| 000 | 00876nam a2200265 c 4500 | ||
|---|---|---|---|
| 003 | DO-SdBNP | ||
| 005 | 20240708112031.0 | ||
| 006 | a||||gr|||| 00| 0 | ||
| 007 | ta | ||
| 008 | 240705e1945 mx ac||| |||| 00| e spa d | ||
| 040 |
_aDO-SdBNP _bspa _cBNPHU _erda |
||
| 082 | 4 |
_222 _bP977g |
|
| 100 | 1 |
_aPuente y Julia, Rosario, _eautora _985970 |
|
| 245 | 1 | 0 |
_aLa guerra, mi hijo y yo / _cRosario Puente y Julia. |
| 264 | 1 |
_aMéxico, D. F.: _aSanto Domingo : _bIntergrafic, _c1948 |
|
| 300 |
_a408 páginas ; _c19 cm. |
||
| 336 |
_2rdacontent _atexto _btxt |
||
| 337 |
_2rdamedia _asin mediación _bn |
||
| 338 |
_2rdacarrier _avolumen _bnc |
||
| 500 | _aObra reeditada en 1990. | ||
| 500 | _aPortada, Drespen en llamas, acuarela, 1945 de Rosario Puente Julia. | ||
| 590 | _aInventariado 2024 / MF | ||
| 600 | 1 | 4 |
_aPuente y Julia, Rosario, _xBiografía _985971 |
| 942 |
_2ddc _cLBS1 |
||
| 999 |
_c57187 _d57187 |
||